000 01676cad a22002415a 4500
001 L146873
008 090305s2009 xxk 000 0 eng u
035 _a(Sirsi) u150737
041 0 _aeng
050 _a306.1094 $2 18
100 1 _aBall, Michael
245 0 0 _aRICS European housing review 2009
_bexecutive summary
_h[electronic resource]
260 _aLondon
_bRICS
_c2009
490 0 _aRICS European Housing Review
_v2009
520 _aLooks at the performance of European housing markets in 2008, analysing trends across the continent in areas such as inflation, building activity, mortgage markets and turnover. Finds that house prices are static or falling across all of Europe, and that the chances of core European housing markets escaping marked downturns in 2009 are now slim. Reports that house prices fell significantly in 2008 in central and eastern Europe, Ireland, France, the UK and among the Nordic countries, and that all Europe's housing markets are experiencing rapidly falling demand and too much supply, due to the impact of the credit crunch and recessions in Europe's major economies. Also suggests that new build markets in the major cities of central and eastern Europe are at a standstill, with an increasing amount of unsold dwellings.
590 _aKA NTK
650 2 4 _aRICS EUROPEAN HOUSING REVIEW
651 4 _aEurope
690 _aPROPERTY-RESIDENTIAL PROPERTY-RESIDENTIAL PROPERTY MARKET
710 2 _aRoyal Institution of Chartered Surveyors
_bPublic Affairs
_94679
856 4 0 _uhttps://www.rics.org/site/download_feed.aspx?fileID=7308&fileExtension=PDF
_zView the report free of charge on the www.rics.org website.
942 _n0
999 _c110962
_d110962